Srirangam (Record no. 47296)

MARC details
000 -LEADER
fixed length control field 00626nam a22001697a 4500
005 - DATE AND TIME OF LATEST TRANSACTION
control field 20260218161101.0
008 - FIXED-LENGTH DATA ELEMENTS--GENERAL INFORMATION
fixed length control field 260218b |||||||| |||| 00| 0 eng d
020 ## - INTERNATIONAL STANDARD BOOK NUMBER
International Standard Book Number 9789393875686
040 ## - CATALOGING SOURCE
Transcribing agency VITAP
082 ## - DEWEY DECIMAL CLASSIFICATION NUMBER
Edition number 23
Classification number 294.535 VEN
100 ## - MAIN ENTRY--PERSONAL NAME
Personal name Nambath, Suresh Ed.
9 (RLIN) 17127
245 ## - TITLE STATEMENT
Title Srirangam
Remainder of title : The Resplendent Kingdom of Rangaraja
Statement of responsibility, etc. / Suresh Nambath Ed.
260 ## - PUBLICATION, DISTRIBUTION, ETC.
Place of publication, distribution, etc. Chennai
Name of publisher, distributor, etc. THG Publishing Pvt Ltd.
Date of publication, distribution, etc. 2023
300 ## - PHYSICAL DESCRIPTION
Extent 456p, ill.: 29cm
650 #0 - SUBJECT ADDED ENTRY--TOPICAL TERM
Topical term or geographic name entry element Mythological Significance, Temple History, Architecture & Layout, Vaishnavite Philosophy, Rituals & Festivals, Pilgrimage & Devotion etc.
9 (RLIN) 17129
942 ## - ADDED ENTRY ELEMENTS (KOHA)
Source of classification or shelving scheme Dewey Decimal Classification
Koha item type Reference Book
Holdings
Withdrawn status Lost status Source of classification or shelving scheme Materials specified (bound volume or other part) Damaged status Not for loan Collection code Home library Current library Shelving location Date acquired Source of acquisition Cost, normal purchase price Inventory number Total Checkouts Full call number Barcode Date last seen Cost, replacement price Price effective from Koha item type Public note
    Dewey Decimal Classification Hard Bound   Not For Loan Reference School of Business & General Section VIT-AP Reference 2026-01-12 The Hindu Group of Publications 2999.00 9001173329   294.535 VEN 025506 2026-02-18 2999.00 2026-01-12 Reference Book GEN

Visitor Number: